Welcome to the Holygrace Academy Library

Please use search bar below to get started

TECHNIQUES OF PROBLEM SOLVING (Record no. 1236)

MARC details
000 -LEADER
fixed length control field 00346nam a22001457a 4500
020 ## - INTERNATIONAL STANDARD BOOK NUMBER
ISBN 81-7371-116-X
082 ## - DEWEY DECIMAL CLASSIFICATION NUMBER
Classification number 510
Item number KRA/T
100 ## - MAIN ENTRY--AUTHOR NAME
Personal name KRANTZ STEVEN
245 ## - TITLE STATEMENT
Title TECHNIQUES OF PROBLEM SOLVING
250 ## - EDITION STATEMENT
Edition statement THIRD REPRINT
260 ## - PUBLICATION, DISTRIBUTION, ETC. (IMPRINT)
Place of publication HYDERABAD
Name of publisher UNIVERSITIES PRESS
Year of publication 2006
300 ## - PHYSICAL DESCRIPTION
Number of Pages 465
650 ## - SUBJECT ADDED ENTRY--TOPICAL TERM
Topical Term MATHS REFERENCE
Geographic subdivision INDIA
942 ## - ADDED ENTRY ELEMENTS (KOHA)
Koha item type Books
Holdings
Withdrawn status Lost status Collection code Home library Current library Shelving location Date acquired Source of acquisition Cost, normal purchase price Full call number Accession Number Koha item type
    Reference Main Library Main Library SHELF-5 A REFERENCE MATHS 10/10/2006 purchase 450.00 510 KRA/T 02832 Books